000 00259nam a2200109Ia 4500
008 200302s9999 xx 000 0 und d
100 _aR. Nath
245 _aFathepur Sikri and Monuments
260 _bThe Historical Research
260 _c2000
300 _a160p.,
999 _c2496
_d2496